Význam a transfer duševného vlastníctva
Duševné vlastníctvo je jedným z faktorov pozitívne pôsobiacich na rast hodnoty podnikov a zároveň prispieva k rozvoju celej spoločnosti. Za posledné sledované roky môžeme v SR pozorovať mierne rastúcu aktivitu v počte podaných patentových prihlášok, prihlášok na registráciu úžitkových vzorov, ochra...
Uložené v:
| Hlavný autor: | |
|---|---|
| Médium: | Kapitola |
| Jazyk: | Slovak |
| Predmet: | |
| Tagy: |
Žiadne tagy, Buďte prvý, kto otaguje tento záznam!
|
MARC
| LEADER | 00000nla a2200000 4500 | ||
|---|---|---|---|
| 001 | 0213260 | ||
| 005 | 20240502073542.1 | ||
| 041 | 0 | |a slo | |
| 044 | |a SK | ||
| 245 | 1 | 0 | |a Význam a transfer duševného vlastníctva |c Martin Križan |
| 520 | |a Duševné vlastníctvo je jedným z faktorov pozitívne pôsobiacich na rast hodnoty podnikov a zároveň prispieva k rozvoju celej spoločnosti. Za posledné sledované roky môžeme v SR pozorovať mierne rastúcu aktivitu v počte podaných patentových prihlášok, prihlášok na registráciu úžitkových vzorov, ochranných známok a dizajnov. Práva duševného vlastníctva: autorské právo a príbuzné práva, priemyselné právo. Zdroje hodnoty podnikov v súčasnosti. Transfer technológií a jeho aktivity. Ochrana duševného vlastníctva, komercializácia duševného vlastníctva, spin-off firmy a spoločnosti. | ||
| 610 | 2 | 0 | |a vlastníctvo duševné |
| 610 | 2 | 0 | |a právo autorské |
| 610 | 2 | 0 | |a právo priemyselné |
| 610 | 2 | 0 | |a ochrana vlastníctva |
| 610 | 2 | 0 | |a transfer technológie |
| 610 | 2 | 0 | |a hodnota podniku |
| 100 | 1 | |a Križan, Martin | |